ბათუმის შოთა რუსთაველის სახელმწიფო უნივერსიტეტის ბიბლიოთეკა

Лекции по высшей математике. (ბიბ.ჩანაწერი № 37354)

000 -LEADER
fixed length control field 00606nam a2200217Ia 4500
001 - CONTROL NUMBER
control field 3313
003 - CONTROL NUMBER IDENTIFIER
control field GE_BSU
008 - FIXED-LENGTH DATA ELEMENTS--GENERAL INFORMATION
fixed length control field 181216s||||||||xx |||||||||||||| ||und||
040 ## - CATALOGING SOURCE
Transcribing agency GE_BSU
080 ## - UNIVERSAL DECIMAL CLASSIFICATION NUMBER
Universal Decimal Classification number 517(042)
100 ## - MAIN ENTRY--PERSONAL NAME
Personal name Мышкин,А.Д.
245 ## - TITLE STATEMENT
Title Лекции по высшей математике.
245 ## - TITLE STATEMENT
Statement of responsibility, etc. Ред.Н.В.Воскресенская, А.П.Баева.
250 ## - EDITION STATEMENT
Edition statement Изд третье.
260 ## - PUBLICATION, DISTRIBUTION, ETC.
Place of publication, distribution, etc. М.
260 ## - PUBLICATION, DISTRIBUTION, ETC.
Name of publisher, distributor, etc. Наука.
260 ## - PUBLICATION, DISTRIBUTION, ETC.
Date of publication, distribution, etc. 1969.
300 ## - PHYSICAL DESCRIPTION
Extent 640 стр. с илл.
653 ## - INDEX TERM--UNCONTROLLED
Uncontrolled term Лекции по высшей математике.
942 ## - ADDED ENTRY ELEMENTS (KOHA)
Koha item type წიგნი
ეგზემპლარები
Withdrawn status Lost status Damaged status Not for loan Date acquired Barcode Date last seen Price effective from Koha item type
        2018-12-17 9100 2018-12-17 2018-12-17 წიგნი
        2018-12-17 9101 2018-12-17 2018-12-17 წიგნი
        2018-12-17 9102 2018-12-17 2018-12-17 წიგნი